On This Day: June 26th II Quiz Stats

 Plays Quiz Updated Jun 26, 2018

Score 0/7 Timer 03:00
0 Plays Today
Question Answer Wrong Answers
In Indianapolis, Indiana, this ‘Heartbreak Hotel’ singer holds his final concert at Market Square Arena.
1977
Elvis Presley
95.5%
Frank Sinatra
1.5%
Jerry Lee Lewis
1.7%
Little Richard
0.6%
The Universal ______ Code, or UPC, is scanned for the first time to sell a package of Wrigley's chewing gum at the Marsh Supermarket in Troy, Ohio.
1974
Product
85.9%
Purchase
11.4%
Percentage
1.1%
Profit
1%
‘The Gold Rush’, one of the most celebrated works by this English comic actor and filmmaker, is released.
1925
Charlie Chaplin
78.3%
Buster Keaton
12%
Douglas Fairbanks
3.5%
Groucho Marx
6%
Pope John Paul II reveals the third secret of ______, one of the apocalyptic prophecies supposedly given to three young Portuguese shepherds in 1917.
2000
Fátima
69.1%
Porto
15.2%
Leiria
4.9%
Cascais
9.5%
The ______ Charter is signed by 50 Allied nations in San Francisco, California.
1945
United Nations
61.6%
League of Nations
20.2%
World Bank
3.1%
NATO
14.7%
A combined force of Spanish, free blacks, and allied Indians defeat a British garrison at the Siege of Fort Mose during the War of Jenkins' ______.
1740
Ear
40.3%
Boot
30.9%
Arm
17.3%
Eye
11.4%
This American singer-songwriter, who began her career as an actress on Nickelodeon before releasing hit albums like ‘Yours Truly’ and ‘My Everything’, is born.
1993
Ariana Grande
29%
Selena Gomez
24%
Demi Lovato
12.9%
Miley Cyrus
33.3%

You're not logged in!

Compare scores with friends on all Sporcle quizzes.
OR
Log In

Sporcle TV

Today on Sporcle TV


Watch our educational content, quiz creation guides, and fun videos on Sporcle TV.

Show Comments

Extras

Top Quizzes Today


Score Distribution

Your Account Isn't Verified!

In order to create a playlist on Sporcle, you need to verify the email address you used during registration. Go to your Sporcle Settings to finish the process.

Report this User

Report this user for behavior that violates our Community Guidelines.

Details: